000 01278nas a2200349 i 4500
001 573
003 ES-MaACL
005 20250807062529.0
008 950801d18311939fr | | 1 ||re d
245 0 0 _aBulletin général de thérapeutique médicale et chirurgicale
_b: recueil practique /
_cpublié par J.E.M. Miquel.
260 _aParis :
_bO. Doin-Everat,
_c1831-1939 (
_fSté. Gle. d'Imp. et d'Ed)
300 _a124 v. ;
_c21 cm.
310 _aIrregular
362 0 _aTome 1 (1831)-Tome 189 (1939)
650 1 7 _aMedicina
_2embne
_914891
700 1 _aMiquel, J.E.M.
_981402
700 1 _aDebout,
_edir.
_9227472
700 1 _aBricheteau, Félix,
_edir.
_9227473
700 1 _aBouchardat, Apollinaire,
_d1806-1886
_9147762
700 1 _aBéhier,
_edir.
_9227474
700 1 _aDolbeau,
_edir.
_9227475
700 1 _aLe Fort, Leon,
_edir.
_9227476
700 1 _aPotain,
_edir.
_9227477
700 1 _aRegnault,
_edir.
_9227478
700 0 _aRobín, Albert.
_997867
700 1 _aDesgrez, A,
_edir.
_943875
785 0 0 _aBulletin générale de thérapeutique medicale, chirurgicale, obstetricale et pharmaceutique
_d1894
785 0 0 _aBulletin générale et thérapeutique
_d1924
852 _aES-MaACL
_jHem-186
866 0 _o1832-1936(1937).
999 _c573
_d573